00648nam a2200193Ia 4500952014500000999001500145003000400160005001700164008004100181020001800222040000900240082001800249100002600267245005600293250001200349260004200361300000900403942004200412 00102ddc40708MANAGEMENTaMESbMEScMANAGEMENTd2019-02-20g50.00l0o658.05 PAR/Cp21273r2019-02-20 00:00:00t2w2019-02-20yBKzGL57R3 c8496d8496OSt20200827094630.0190216s9999||||xx |||||||||||||| ||und|| a9788121912006 coclc a658.05bPAR/C aParameswaran, R94367 0aComputer Applications In Business /cR Parameswaran a1st Ed. bS Chand & Company,c1996.aNew Delhi: a151p cBK2ddch658.05iPAR/Ck658.05mPAR/C